[Event "Izhevsk Corporation Cup 5th"]
[Site "Izhevsk"]
[Date "2013.07.14"]
[Round "3"]
[White "Gajsin, Evgenij"]
[Black "Trifonov, Pavel"]
[Result "0-1"]
[WhiteElo "2463"]
[BlackElo "2227"]
[PlyCount "108"]
[EventDate "2013.07.11"]
[EventType "swiss"]
[EventRounds "9"]
[EventCountry "RUS"]
[SourceTitle "EXT 2014"]
[Source "ChessBase"]
[SourceDate "2013.11.20"]
[SourceVersion "1"]
[SourceVersionDate "2013.11.20"]
[SourceQuality "1"]

1. e4 e6 2. d4 d5 3. Nc3 Bb4 4. e5 c5 5. a3 Bxc3+ 6. bxc3 Ne7 7. h4 Qc7 8. Nf3 b6 9. h5 h6 10. Bb5+ Bd7 11. Bd3 Ba4 12. Bd2 Nd7 13. Rh4 c4 14. Bf1 0-0-0 15. g3 Rdf8 16. Bh3 Kb7 17. Kf1 Qc6 18. Rc1 Nb8 19. Rg4 Rhg8 20. Bf4 Na6 21. Qd2 Nc7 22. Kg2 Qe8 23. Nh4 Nb5 24. Ra1 Nc6 25. Kh2 Qe7 26. Be3 Qe8 27. Rf4 Ne7 28. Rf3 Rh8 29. Kg2 Nc6 30. g4 Rh7 31. Bf4 a5 32. Bg3 Ka6 33. Re3 g6 34. f4 gxh5 35. gxh5 Rg7 36. f5 Rfg8 37. f6 Rg5 38. Qd1 Qf8 39. Kh2 Nxa3 40. Ra2 Nxc2 41. Rxc2 Bxc2 42. Qxc2 Rxh5 43. Ng2 Rhg5 44. Nf4 Qa3 45. Nxe6 fxe6 46. Bxe6 Nxd4 47. cxd4 Qxe3 48. Qf2 Qe4 49. Qg2 Qxg2+ 50. Kxg2 Rxg3+ 51. Kh2 c3 52. Bxg8 c2 53. Kxg3 c1Q 54. Bxd5 Qe3+ 0-1

[Event "Nezhmetdinov Memorial 35th"]
[Site "Kazan"]
[Date "2013.06.04"]
[Round "5"]
[White "Gajsin, Evgenij"]
[Black "Fedorov, Alexei"]
[Result "1/2-1/2"]
[WhiteElo "2457"]
[BlackElo "2591"]
[PlyCount "82"]
[EventDate "2013.05.31"]
[EventType "swiss"]
[EventRounds "9"]
[EventCountry "RUS"]
[SourceTitle "CBM 154 Extra"]
[Source "ChessBase"]
[SourceDate "2013.06.25"]
[SourceVersion "2"]
[SourceVersionDate "2013.06.25"]
[SourceQuality "1"]

1. e4 c5 2. Nf3 Nc6 3. d4 cxd4 4. Nxd4 Qb6 5. Nb3 Nf6 6. Nc3 e6 7. Qe2 Bb4 8. Bd2 0-0 9. e5 Nd5 10. Nxd5 exd5 11. 0-0-0 d6 12. exd6 Bxd6 13. Be3 Qc7 14. Rxd5 Nb4 15. Rxd6 Qxd6 16. Bc5 Qf4+ 17. Qe3 Qxe3+ 18. fxe3 Nd5 19. Bxf8 Kxf8 20. Kd2 Bf5 21. Bd3 Bg6 22. Nd4 Re8 23. Re1 Re5 24. Nf3 Re8 25. Nh4 Be4 26. Bxe4 Rxe4 27. Nf3 h5 28. Nd4 Nxe3 29. Rxe3 Rxd4+ 30. Rd3 Rg4 31. g3 h4 32. Rd7 b6 33. Rxa7 hxg3 34. hxg3 Rxg3 35. c4 Rg2+ 36. Kc3 f5 37. a4 f4 38. a5 bxa5 39. Rxa5 Ke7 40. b4 f3 41. Rf5 Rg3 1/2-1/2

[Event "Nezhmetdinov Memorial 35th"]
[Site "Kazan"]
[Date "2013.06.03"]
[Round "4"]
[White "Azarov, Sergei Nikolaevich"]
[Black "Gajsin, Evgenij"]
[Result "1-0"]
[WhiteElo "2629"]
[BlackElo "2457"]
[PlyCount "43"]
[EventDate "2013.05.31"]
[EventType "swiss"]
[EventRounds "9"]
[EventCountry "RUS"]
[SourceTitle "CBM 154 Extra"]
[Source "ChessBase"]
[SourceDate "2013.06.25"]
[SourceVersion "2"]
[SourceVersionDate "2013.06.25"]
[SourceQuality "1"]

1. e4 c5 2. Nf3 d6 3. d4 cxd4 4. Nxd4 Nf6 5. Nc3 a6 6. Bg5 Nbd7 7. f4 Qc7 8. Qf3 g6 9. 0-0-0 Bg7 10. g4 0-0 11. h4 h6 12. Bxf6 Nxf6 13. f5 Nd7 14. Nd5 Qd8 15. g5 Ne5 16. Qf4 h5 17. f6 exf6 18. gxf6 Bh8 19. Be2 Be6 20. Ne7+ Kh7 21. Bxh5 gxh5 22. Ndf5 1-0

[Event "Tiumen"]
[Site "Tiumen"]
[Date "2011.02.04"]
[Round "9"]
[White "Gajsin, Evgenij"]
[Black "Yuffa, Daniil"]
[Result "0-1"]
[WhiteElo "2476"]
[BlackElo "2285"]
[PlyCount "108"]
[EventDate "2011.01.22"]
[EventType "tourn"]
[EventRounds "11"]
[EventCountry "RUS"]
[EventCategory "2"]
[SourceTitle "EXT 2012"]
[Source "ChessBase"]
[SourceDate "2011.11.24"]
[SourceVersion "1"]
[SourceVersionDate "2011.11.24"]
[SourceQuality "1"]

1. e4 c5 2. Nf3 Nc6 3. d4 cxd4 4. Nxd4 Nf6 5. Nc3 d6 6. Bg5 a6 7. Qd2 Nxd4 8. Qxd4 Qa5 9. Qd2 Be6 10. 0-0-0 b5 11. Bxf6 gxf6 12. Kb1 Rc8 13. f4 h5 14. f5 Bd7 15. Qd4 Qc7 16. Qd3 Qc5 17. Nd5 h4 18. Be2 Bh6 19. Rhf1 Bg5 20. Rf3 a5 21. Bf1 Rh6 22. c3 b4 23. Qa6 Rb8 24. b3 e6 25. fxe6 fxe6 26. cxb4 axb4 27. Nf4 Ke7 28. Nh3 Rhh8 29. Nxg5 fxg5 30. Qc4 Qxc4 31. Bxc4 Bc6 32. Bd3 Rhf8 33. Rdf1 Rxf3 34. Rxf3 Ra8 35. Kb2 Ra5 36. Rf2 Be8 37. Rc2 Bb5 38. Bxb5 Rxb5 39. a4 bxa3+ 40. Kxa3 Kf6 41. b4 Ke5 42. Ka4 Rb8 43. Re2 Kd4 44. b5 d5 45. exd5 exd5 46. Kb4 g4 47. Rd2+ Ke4 48. Kc5 Rc8+ 49. Kd6 d4 50. Re2+ Kf4 51. b6 d3 52. Rf2+ Ke3 53. b7 Rb8 54. Rb2 d2 0-1

[Event "Tiumen"]
[Site "Tiumen"]
[Date "2011.01.30"]
[Round "7"]
[White "Gajsin, Evgenij"]
[Black "Bacherikov, Vitaly Valerievich"]
[Result "1-0"]
[WhiteElo "2476"]
[BlackElo "2260"]
[PlyCount "69"]
[EventDate "2011.01.22"]
[EventType "tourn"]
[EventRounds "11"]
[EventCountry "RUS"]
[EventCategory "2"]
[SourceTitle "EXT 2012"]
[Source "ChessBase"]
[SourceDate "2011.11.24"]
[SourceVersion "1"]
[SourceVersionDate "2011.11.24"]
[SourceQuality "1"]

1. e4 c6 2. d4 d5 3. e5 Bf5 4. Be3 e6 5. Nd2 Nd7 6. Ngf3 Ne7 7. Be2 Bg6 8. Nh4 Nf5 9. Nxf5 Bxf5 10. 0-0 Be7 11. f4 Bg6 12. b3 0-0 13. c4 f6 14. Kh1 fxe5 15. fxe5 Bg5 16. Rxf8+ Nxf8 17. Qg1 h6 18. Nf3 Nh7 19. Rf1 Qe7 20. Nxg5 Nxg5 21. Bg4 Ne4 22. Rf3 Re8 23. Qc1 Qh4 24. Rf4 Bf5 25. h3 g5 26. Rxe4 Bxe4 27. Kh2 Bxg2 28. Kxg2 Rf8 29. Qd2 h5 30. Bxe6+ Kh8 31. Bxg5 Qe4+ 32. Kh2 Rf1 33. Qg2 Qxg2+ 34. Kxg2 Ra1 35. cxd5 1-0

[Event "Tiumen"]
[Site "Tiumen"]
[Date "2011.01.29"]
[Round "6"]
[White "Zakharov, Sergei D"]
[Black "Gajsin, Evgenij"]
[Result "1/2-1/2"]
[WhiteElo "2258"]
[BlackElo "2476"]
[PlyCount "91"]
[EventDate "2011.01.22"]
[EventType "tourn"]
[EventRounds "11"]
[EventCountry "RUS"]
[EventCategory "2"]
[SourceTitle "EXT 2012"]
[Source "ChessBase"]
[SourceDate "2011.11.24"]
[SourceVersion "1"]
[SourceVersionDate "2011.11.24"]
[SourceQuality "1"]

1. e4 c5 2. Nf3 d6 3. d4 cxd4 4. Nxd4 Nf6 5. Nc3 a6 6. Be2 e6 7. Be3 Qc7 8. g4 b5 9. g5 Nfd7 10. Qd2 b4 11. Na4 Bb7 12. f3 Nc6 13. 0-0-0 Be7 14. Kb1 Nxd4 15. Qxd4 0-0 16. Nb6 Nxb6 17. Qxb6 Qxb6 18. Bxb6 d5 19. f4 f6 20. Bg4 Kf7 21. gxf6 Bxf6 22. e5 Be7 23. Rhf1 g6 24. Rf3 Rac8 25. Rh3 Rh8 26. Be2 Kg7 27. Be3 a5 28. Rc1 Bc5 29. Bd2 Rc6 30. c3 Rhc8 31. cxb4 axb4 32. Rb3 Rb6 33. Rxc5 Rxc5 34. Rxb4 Rxb4 35. Bxb4 Rc7 36. Bd6 Rf7 37. a4 Rxf4 38. a5 d4 39. Bd3 Rf3 40. a6 Bd5 41. Kc2 Rf2+ 42. Kc1 Rxh2 43. b4 Rh1+ 44. Kc2 Rh2+ 45. Kc1 Rh1+ 46. Kc2 1/2-1/2

[Event "Tiumen"]
[Site "Tiumen"]
[Date "2011.01.28"]
[Round "5"]
[White "Gajsin, Evgenij"]
[Black "Yuzhakov, Oleg"]
[Result "1-0"]
[WhiteElo "2476"]
[BlackElo "2362"]
[PlyCount "63"]
[EventDate "2011.01.22"]
[EventType "tourn"]
[EventRounds "11"]
[EventCountry "RUS"]
[EventCategory "2"]
[SourceTitle "EXT 2012"]
[Source "ChessBase"]
[SourceDate "2011.11.24"]
[SourceVersion "1"]
[SourceVersionDate "2011.11.24"]
[SourceQuality "1"]

1. e4 e6 2. d4 d5 3. Nc3 Nf6 4. e5 Nfd7 5. f4 c5 6. Nf3 Nc6 7. Be3 a6 8. Qd2 b5 9. dxc5 Nxc5 10. Qf2 Ne4 11. Nxe4 dxe4 12. Nd2 Bb7 13. 0-0-0 Qc8 14. Nxe4 Nxe5 15. Nf6+ gxf6 16. fxe5 fxe5 17. Qf6 Rg8 18. Qxe5 Qc6 19. Kb1 Qe4 20. Qc7 Qc6 21. Qf4 Qe4 22. Qf2 Rd8 23. Rxd8+ Kxd8 24. Qxf7 Qxe3 25. Bxb5 axb5 26. Rd1+ Bd5 27. Qxg8 Ke7 28. Rf1 Bh6 29. Rf7+ Kd6 30. Qb8+ Kc5 31. Qa7+ Kc4 32. Rc7+ 1-0

[Event "Tiumen"]
[Site "Tiumen"]
[Date "2011.01.23"]
[Round "2"]
[White "Gajsin, Evgenij"]
[Black "Musakaev, Emil"]
[Result "1-0"]
[WhiteElo "2476"]
[BlackElo "2318"]
[PlyCount "65"]
[EventDate "2011.01.22"]
[EventType "tourn"]
[EventRounds "11"]
[EventCountry "RUS"]
[EventCategory "2"]
[SourceTitle "EXT 2012"]
[Source "ChessBase"]
[SourceDate "2011.11.24"]
[SourceVersion "1"]
[SourceVersionDate "2011.11.24"]
[SourceQuality "1"]

1. e4 e5 2. Nf3 Nc6 3. Bb5 a6 4. Ba4 Nf6 5. 0-0 Be7 6. Re1 b5 7. Bb3 d6 8. c3 0-0 9. h3 Nb8 10. d4 Nbd7 11. Nbd2 Bb7 12. Bc2 c5 13. d5 c4 14. Nf1 Qc7 15. Ng3 Rfb8 16. Nf5 Bf8 17. Nh2 a5 18. Re3 Nc5 19. Ng4 Ne8 20. Rg3 Kh8 21. h4 g6 22. Ngh6 b4 23. h5 Ba6 24. Qg4 Ng7 25. Bg5 bxc3 26. bxc3 Rb2 27. Bf6 Rxc2 28. Qh4 Rxf2 29. Kxf2 Qa7 30. Nxf7+ Qxf7 31. hxg6 Nxe4+ 32. Ke1 Qg8 33. Qxe4 1-0

[Event "Tiumen"]
[Site "Tiumen"]
[Date "2011.01.22"]
[Round "1"]
[White "Shanturov, Genady"]
[Black "Gajsin, Evgenij"]
[Result "0-1"]
[WhiteElo "2091"]
[BlackElo "2476"]
[PlyCount "84"]
[EventDate "2011.01.22"]
[EventType "tourn"]
[EventRounds "11"]
[EventCountry "RUS"]
[EventCategory "2"]
[SourceTitle "EXT 2012"]
[Source "ChessBase"]
[SourceDate "2011.11.24"]
[SourceVersion "1"]
[SourceVersionDate "2011.11.24"]
[SourceQuality "1"]

1. e4 c5 2. Nf3 d6 3. Bb5+ Nd7 4. 0-0 Ngf6 5. Nc3 g6 6. d3 a6 7. Bxd7+ Bxd7 8. Bg5 Bg7 9. e5 dxe5 10. Nxe5 Be6 11. Re1 0-0 12. Qd2 Re8 13. a4 b6 14. Re2 Qc7 15. Rae1 Rad8 16. h3 c4 17. Bf4 Qb7 18. d4 b5 19. a5 b4 20. Na4 Qb5 21. Nc5 Bf5 22. g4 Bc8 23. c3 Nd5 24. cxb4 Nxb4 25. Bh6 f6 26. Bxg7 Kxg7 27. Ned7 Rxd7 28. Nxd7 Nd5 29. Nc5 g5 30. Ne6+ Bxe6 31. Rxe6 Qb3 32. R1e3 Nxe3 33. Rxe3 Qb7 34. Qe2 Qc7 35. Re6 Qxa5 36. Qxc4 Qb5 37. Qc7 Kf7 38. Rb6 Qd5 39. Qc5 Rd8 40. Rxa6 Qxd4 41. Qc1 Qd3 42. Ra3 Qe2 0-1

[Event "Tiumen Region-ch"]
[Site "Tiumen"]
[Date "2010.12.26"]
[Round "11"]
[White "Fathutdinov, Gafiat"]
[Black "Gajsin, Evgenij"]
[Result "1-0"]
[WhiteElo "2298"]
[BlackElo "2476"]
[PlyCount "85"]
[EventDate "2010.12.18"]
[EventType "tourn"]
[EventRounds "11"]
[EventCountry "RUS"]
[EventCategory "7"]
[SourceTitle "CBM 140 Extra"]
[Source "ChessBase"]
[SourceDate "2011.03.01"]
[SourceVersion "1"]
[SourceVersionDate "2011.03.01"]
[SourceQuality "1"]

1. e4 c5 2. Nf3 Nc6 3. Bb5 g6 4. 0-0 Bg7 5. c3 Nf6 6. Re1 0-0 7. h3 Qb6 8. Na3 d6 9. d4 cxd4 10. cxd4 d5 11. Bxc6 Qxc6 12. e5 Ne4 13. Nd2 Qb6 14. Nxe4 dxe4 15. Rxe4 Bf5 16. Re2 Rfd8 17. Be3 Rac8 18. Rc1 Qa6 19. Rd2 Qa5 20. Rxc8 Rxc8 21. Qb3 Be4 22. Nb5 Rc1+ 23. Kh2 Qa6 24. f3 Bc6 25. Nc3 e6 26. Rd1 Rxd1 27. Qxd1 f6 28. Bf4 Kf7 29. Qd2 Qc4 30. exf6 Bxf6 31. Be5 Bxe5+ 32. dxe5 Qh4 33. Qe3 g5 34. a3 Kg6 35. Ne2 Qc4 36. Nd4 Bd5 37. h4 h6 38. Qd2 Qf1 39. Qc2+ Kg7 40. Qc7+ Kg8 41. Qd8+ Kf7 42. hxg5 Qf2 43. g6+ 1-0

[Event "Tiumen Region-ch"]
[Site "Tiumen"]
[Date "2010.12.22"]
[Round "6"]
[White "Gajsin, Evgenij"]
[Black "Yuzhakov, Oleg"]
[Result "1-0"]
[WhiteElo "2476"]
[BlackElo "2337"]
[PlyCount "73"]
[EventDate "2010.12.18"]
[EventType "tourn"]
[EventRounds "11"]
[EventCountry "RUS"]
[EventCategory "7"]
[SourceTitle "CBM 140 Extra"]
[Source "ChessBase"]
[SourceDate "2011.03.01"]
[SourceVersion "1"]
[SourceVersionDate "2011.03.01"]
[SourceQuality "1"]

1. e4 e5 2. Nf3 Nc6 3. Bb5 a6 4. Ba4 Nf6 5. 0-0 Be7 6. Re1 b5 7. Bb3 d6 8. c3 0-0 9. h3 Na5 10. Bc2 c5 11. d4 Qc7 12. Nbd2 cxd4 13. cxd4 Bb7 14. d5 Rac8 15. Bd3 Nd7 16. Nf1 Nc5 17. Ng3 Nxd3 18. Qxd3 Qc2 19. Qxc2 Rxc2 20. Nf5 Re8 21. b3 Bc8 22. Nxe7+ Rxe7 23. Be3 Rb7 24. Rec1 Rbc7 25. Rxc2 Rxc2 26. Ne1 Rb2 27. Bb6 Nxb3 28. axb3 Kf8 29. Rc1 Bd7 30. Rc7 Ke7 31. Nc2 Rxb3 32. Ba5 Rb1+ 33. Kh2 Rb2 34. Nb4 Rxf2 35. Nc6+ Ke8 36. Nb8 Ra2 37. Bb4 1-0

[Event "Tiumen Region-ch"]
[Site "Tiumen"]
[Date "2010.12.19"]
[Round "3"]
[White "Gajsin, Evgenij"]
[Black "Sergeev, Veniamin"]
[Result "1-0"]
[WhiteElo "2476"]
[BlackElo "2408"]
[PlyCount "59"]
[EventDate "2010.12.18"]
[EventType "tourn"]
[EventRounds "11"]
[EventCountry "RUS"]
[EventCategory "7"]
[SourceTitle "CBM 140 Extra"]
[Source "ChessBase"]
[SourceDate "2011.03.01"]
[SourceVersion "1"]
[SourceVersionDate "2011.03.01"]
[SourceQuality "1"]

1. e4 c5 2. Nf3 Nc6 3. d4 cxd4 4. Nxd4 Nf6 5. Nc3 d6 6. Bg5 Qb6 7. Nb3 e6 8. Bxf6 gxf6 9. Qd2 a6 10. 0-0-0 Bd7 11. f4 0-0-0 12. Be2 Rg8 13. Bh5 Rg7 14. Rhf1 Be8 15. g4 Rg8 16. f5 Rg5 17. Kb1 Bh6 18. Qe2 a5 19. fxe6 fxe6 20. Bxe8 Rxe8 21. h4 Rgg8 22. Rxd6 Bf8 23. Rdd1 Ne5 24. Rxf6 Rxg4 25. Nd5 Qd8 26. Rxf8 Rxf8 27. Ne3 Qxh4 28. Qb5 Nc6 29. Nc5 Rg7 30. Nxb7 1-0

[Event "Zudov Memorial-A 4th"]
[Site "Nizhnij Tagil"]
[Date "2008.07.17"]
[Round "11"]
[White "Jumabayev, Rinat"]
[Black "Gajsin, Evgenij"]
[Result "1-0"]
[WhiteElo "2442"]
[BlackElo "2444"]
[PlyCount "118"]
[EventDate "2008.07.07"]
[EventType "tourn"]
[EventRounds "10"]
[EventCountry "RUS"]
[SourceTitle "EXT 2022"]
[Source "ChessBase"]
[SourceDate "2021.10.06"]
[SourceVersion "1"]
[SourceVersionDate "2021.10.06"]
[SourceQuality "1"]

1. d4 Nf6 2. Nf3 g6 3. g3 Bg7 4. Bg2 d5 5. c4 0-0 6. cxd5 Nxd5 7. 0-0 Nb6 8. Nc3 Nc6 9. d5 Na5 10. Bf4 c6 11. dxc6 Nxc6 12. Qc1 e5 13. Be3 Be6 14. Rd1 Qb8 15. Ng5 Nd4 16. Bxd4 exd4 17. Nb5 Bd5 18. Bxd5 Nxd5 19. Nxd4 Nf6 20. Qc4 Qe5 21. Ngf3 Qe7 22. Rac1 Rad8 23. Qc5 Qxc5 24. Rxc5 Rd7 25. e3 Rfd8 26. Rdc1 Ne8 27. Kf1 Kf8 28. Ke2 Ke7 29. g4 Rd5 30. h3 Rxc5 31. Rxc5 a6 32. Ne5 Bxe5 33. Rxe5+ Kd6 34. Ra5 Rc8 35. Kd2 Ke7 36. f3 Nd6 37. b3 f6 38. Rd5 Rc7 39. e4 Nc8 40. Ne2 Nb6 41. Rd3 Rc8 42. h4 Nd7 43. Rc3 Rd8 44. Ke3 Kd6 45. Nf4 Re8 46. Rd3+ Kc6 47. Kd2 a5 48. Rd5 Ne5 49. Ke3 a4 50. b4 Nc4+ 51. Kd4 Ne5 52. Ke3 Nc4+ 53. Kf2 Ne5 54. Ne2 Kb6 55. Nc3 Rc8 56. Nxa4+ Ka7 57. g5 Rc2+ 58. Kg3 Rxa2 59. gxf6 Rxa4 1-0

[Event "Zudov Memorial-A 4th"]
[Site "Nizhnij Tagil"]
[Date "2008.07.08"]
[Round "2"]
[White "Yudin, Sergei"]
[Black "Gajsin, Evgenij"]
[Result "1/2-1/2"]
[WhiteElo "2536"]
[BlackElo "2444"]
[PlyCount "52"]
[EventDate "2008.07.07"]
[EventType "tourn"]
[EventRounds "10"]
[EventCountry "RUS"]
[SourceTitle "EXT 2022"]
[Source "ChessBase"]
[SourceDate "2021.10.06"]
[SourceVersion "1"]
[SourceVersionDate "2021.10.06"]
[SourceQuality "1"]

1. d4 Nf6 2. c4 g6 3. Nc3 d5 4. e3 Bg7 5. Qb3 dxc4 6. Bxc4 0-0 7. Nf3 c5 8. d5 a6 9. a4 Nbd7 10. e4 Qc7 11. 0-0 Rb8 12. Bg5 Ne5 13. Nxe5 Qxe5 14. f4 Qd4+ 15. Kh1 b5 16. axb5 axb5 17. Nxb5 Qxe4 18. Rae1 Qf5 19. Nd6 exd6 20. Qxb8 Ba6 21. Qb3 Bxc4 22. Qxc4 Qxd5 23. Qe2 h6 24. Bh4 Re8 25. Qc2 Ne4 26. b3 f5 1/2-1/2

[Event "Ekaterinburg UrFO-ch"]
[Site "Ekaterinburg"]
[Date "2008.03.22"]
[Round "8"]
[White "Gajsin, Evgenij"]
[Black "Vokarev, Sergey"]
[Result "1/2-1/2"]
[WhiteElo "2443"]
[BlackElo "2502"]
[PlyCount "97"]
[EventDate "2008.03.15"]
[EventType "swiss"]
[EventRounds "9"]
[EventCountry "RUS"]
[SourceTitle "EXT 2009"]
[Source "ChessBase"]
[SourceDate "2008.11.26"]
[SourceVersion "1"]
[SourceVersionDate "2008.11.26"]
[SourceQuality "1"]

1. e4 e5 2. Nf3 Nc6 3. Bb5 a6 4. Ba4 Nf6 5. 0-0 Nxe4 6. d4 b5 7. Bb3 d5 8. dxe5 Be6 9. Qe2 Be7 10. Rd1 0-0 11. c4 bxc4 12. Bxc4 Bc5 13. Be3 Bxe3 14. Qxe3 Qb8 15. Bb3 Na5 16. Nc3 Nxb3 17. axb3 Qxb3 18. Nd4 Qb7 19. f3 Nxc3 20. Qxc3 c5 21. Qxc5 Qxb2 22. Rab1 Qa2 23. h3 Qa4 24. f4 Rfc8 25. Qe7 Re8 26. Qh4 Bd7 27. Qg3 Rab8 28. Qe3 Rxb1 29. Rxb1 Bb5 30. Rc1 Qb4 31. f5 Qe7 32. f6 Qf8 33. Nf5 gxf6 34. Qg3+ Kh8 35. exf6 Qg8 36. Qxg8+ Kxg8 37. Rc7 h5 38. Ne7+ Kh7 39. Nxd5 Re1+ 40. Kh2 Rf1 41. Kg3 Rf5 42. Rxf7+ Kg6 43. Rg7+ Kh6 44. Rg8 Kh7 45. Rd8 Bc6 46. Ne7 Rxf6 47. Nxc6 Rxc6 48. Kh4 Rc5 49. Rd7+ 1/2-1/2

[Event "Ekaterinburg UrFO-ch"]
[Site "Ekaterinburg"]
[Date "2008.03.19"]
[Round "5"]
[White "Pridorozhni, Aleksei"]
[Black "Gajsin, Evgenij"]
[Result "1-0"]
[WhiteElo "2510"]
[BlackElo "2443"]
[PlyCount "83"]
[EventDate "2008.03.15"]
[EventType "swiss"]
[EventRounds "9"]
[EventCountry "RUS"]
[SourceTitle "EXT 2009"]
[Source "ChessBase"]
[SourceDate "2008.11.26"]
[SourceVersion "1"]
[SourceVersionDate "2008.11.26"]
[SourceQuality "1"]

1. e4 c5 2. Nf3 e6 3. d4 cxd4 4. Nxd4 a6 5. Nc3 Qc7 6. Be2 Nf6 7. 0-0 Nc6 8. Be3 Be7 9. f4 d6 10. Qe1 0-0 11. Kh1 Nxd4 12. Bxd4 b5 13. a3 Bb7 14. Qg3 Rad8 15. Bd3 Ne8 16. Rae1 Bf6 17. Bxf6 Nxf6 18. Qh4 h6 19. Re3 Qe7 20. Rh3 Rd7 21. Qg3 Kh8 22. e5 Nh7 23. Qe1 dxe5 24. fxe5 f5 25. exf6 Rxf6 26. Re3 Rxf1+ 27. Qxf1 Nf6 28. Ne2 Kg8 29. Nf4 Nd5 30. Rxe6 Qf8 31. Qe1 Nxf4 32. Re8 Nxd3 33. Qe6+ Rf7 34. cxd3 Kh7 35. Rxf8 Rxf8 36. Kg1 Rf6 37. Qe5 Rc6 38. g4 Rc2 39. Kf1 Bc6 40. d4 Bg2+ 41. Ke1 Rxb2 42. d5 1-0

[Event "Ekaterinburg UrFO-ch"]
[Site "Ekaterinburg"]
[Date "2008.03.16"]
[Round "2"]
[White "Gajsin, Evgenij"]
[Black "Serebriakov, Vladimir"]
[Result "1-0"]
[WhiteElo "2443"]
[BlackElo "2318"]
[PlyCount "75"]
[EventDate "2008.03.15"]
[EventType "swiss"]
[EventRounds "9"]
[EventCountry "RUS"]
[SourceTitle "EXT 2009"]
[Source "ChessBase"]
[SourceDate "2008.11.26"]
[SourceVersion "1"]
[SourceVersionDate "2008.11.26"]
[SourceQuality "1"]

1. e4 e6 2. d4 d5 3. Nc3 Bb4 4. e5 c5 5. a3 Bxc3+ 6. bxc3 Nc6 7. Qg4 Nge7 8. Qxg7 Rg8 9. Qxh7 cxd4 10. f4 dxc3 11. Nf3 Qa5 12. Rb1 a6 13. h4 Qa4 14. Ng5 Rf8 15. Qd3 Qd4 16. Nh7 Qxd3 17. Nf6+ Kd8 18. Bxd3 b5 19. Be3 d4 20. Bf2 Kc7 21. h5 Bb7 22. Rh3 Rad8 23. Bh4 Rh8 24. g4 Na5 25. Ne4 Nd5 26. Bxd8+ Kxd8 27. Rf3 Ke7 28. Kf2 f5 29. gxf5 exf5 30. Ng3 Ne3 31. Rxe3 dxe3+ 32. Kxe3 Be4 33. Nxe4 fxe4 34. Kxe4 Rxh5 35. Rg1 Nc4 36. Bxc4 bxc4 37. Rg7+ Kf8 38. Rg3 1-0

[Event "Khanty-Mansiysk Governor Cup"]
[Site "Khanty-Mansiysk"]
[Date "2007.11.28"]
[Round "7"]
[White "Karpov, Alexander"]
[Black "Gajsin, Evgenij"]
[Result "0-1"]
[WhiteElo "2330"]
[BlackElo "2436"]
[PlyCount "106"]
[EventDate "2007.11.21"]
[EventType "swiss"]
[EventRounds "9"]
[EventCountry "RUS"]
[SourceTitle "CBM 121 Extra"]
[Source "ChessBase"]
[SourceDate "2008.01.10"]
[SourceVersion "1"]
[SourceVersionDate "2008.01.10"]
[SourceQuality "1"]

1. e4 c5 2. c3 d5 3. exd5 Qxd5 4. d4 Nf6 5. Nf3 Bg4 6. Be2 e6 7. 0-0 Nc6 8. Be3 cxd4 9. Nxd4 Bxe2 10. Qxe2 Nxd4 11. Bxd4 Be7 12. Rd1 Qc6 13. c4 0-0 14. Nc3 Rfd8 15. b3 a6 16. h3 Ne8 17. a4 b6 18. Rd3 Nd6 19. Rad1 Nf5 20. Be5 Rxd3 21. Qxd3 f6 22. Bf4 Rd8 23. Qb1 Rxd1+ 24. Qxd1 Bb4 25. Qd3 Kf7 26. Ne4 Ke7 27. g4 Nh4 28. Bg3 Ng6 29. h4 Nf8 30. Kf1 f5 31. gxf5 exf5 32. Nc3 Bxc3 33. Qxc3 Qh1+ 34. Ke2 Ne6 35. Qb4+ Kf7 36. Qd6 Qe4+ 37. Kd2 f4 38. Qd5 Qxd5+ 39. cxd5 fxg3 40. dxe6+ Kxe6 41. fxg3 Kf5 42. Ke3 Kg4 43. Kf2 a5 44. Kg2 h6 45. Kf2 Kh3 46. Kf3 g5 47. hxg5 hxg5 48. g4 Kh4 49. Ke4 Kxg4 50. Kd5 Kf4 51. Kc6 g4 52. Kxb6 g3 53. Kxa5 g2 0-1

[Event "Khanty-Mansiysk Governor Cup"]
[Site "Khanty-Mansiysk"]
[Date "2007.11.24"]
[Round "6"]
[White "Gajsin, Evgenij"]
[Black "Iordachescu, Viorel"]
[Result "0-1"]
[WhiteElo "2436"]
[BlackElo "2567"]
[PlyCount "54"]
[EventDate "2007.11.21"]
[EventType "swiss"]
[EventRounds "9"]
[EventCountry "RUS"]
[SourceTitle "CBM 121 Extra"]
[Source "ChessBase"]
[SourceDate "2008.01.10"]
[SourceVersion "1"]
[SourceVersionDate "2008.01.10"]
[SourceQuality "1"]

1. e4 e5 2. f4 exf4 3. Nf3 Ne7 4. d4 d5 5. Bd3 dxe4 6. Bxe4 Ng6 7. 0-0 Be7 8. Nc3 0-0 9. Nd5 Bd6 10. c4 c6 11. Nc3 Nd7 12. Bc2 Nf6 13. Qd3 Bg4 14. h3 Bxf3 15. Qxf3 Bc7 16. Ne2 Qd7 17. Bd2 Rfe8 18. Rae1 Rad8 19. Bc1 Re7 20. Bxg6 hxg6 21. Bxf4 Bxf4 22. Qxf4 Rde8 23. Qd2 Re4 24. b3 Qe7 25. Kf2 Nh5 26. Ra1 c5 27. Ng1 Qd8 0-1

[Event "Khanty-Mansiysk Governor Cup"]
[Site "Khanty-Mansiysk"]
[Date "2007.11.23"]
[Round "3"]
[White "Frolyanov, Dmitry"]
[Black "Gajsin, Evgenij"]
[Result "1-0"]
[WhiteElo "2538"]
[BlackElo "2436"]
[PlyCount "47"]
[EventDate "2007.11.21"]
[EventType "swiss"]
[EventRounds "9"]
[EventCountry "RUS"]
[SourceTitle "CBM 121 Extra"]
[Source "ChessBase"]
[SourceDate "2008.01.10"]
[SourceVersion "1"]
[SourceVersionDate "2008.01.10"]
[SourceQuality "1"]

1. e4 c5 2. Nf3 d6 3. d4 cxd4 4. Nxd4 Nf6 5. Nc3 a6 6. Be2 e6 7. 0-0 Be7 8. f4 0-0 9. a4 Nc6 10. Kh1 Qc7 11. Be3 Bd7 12. Qe1 Nxd4 13. Bxd4 Bc6 14. Qg3 b6 15. Bd3 Qb7 16. Rae1 Rad8 17. Qh3 g6 18. f5 e5 19. Be3 b5 20. axb5 axb5 21. Bg5 b4 22. Nd1 d5 23. exd5 Rxd5 24. fxg6 1-0

[Event "Khanty-Mansiysk Governor Cup"]
[Site "Khanty-Mansiysk"]
[Date "2007.11.23"]
[Round "4"]
[White "Gajsin, Evgenij"]
[Black "Sharafutdinov, Ayrat"]
[Result "1-0"]
[WhiteElo "2436"]
[BlackElo "2115"]
[PlyCount "73"]
[EventDate "2007.11.21"]
[EventType "swiss"]
[EventRounds "9"]
[EventCountry "RUS"]
[SourceTitle "CBM 121 Extra"]
[Source "ChessBase"]
[SourceDate "2008.01.10"]
[SourceVersion "1"]
[SourceVersionDate "2008.01.10"]
[SourceQuality "1"]

1. e4 c5 2. Nf3 g6 3. d4 Bg7 4. d5 d6 5. h3 Nf6 6. Nc3 0-0 7. Be2 b6 8. 0-0 Ba6 9. Bf4 Bxe2 10. Qxe2 a6 11. a4 Nbd7 12. Nd2 Ne8 13. Bg5 Nc7 14. Nc4 f6 15. Bf4 b5 16. axb5 axb5 17. Na5 Rxa5 18. Rxa5 b4 19. Nb5 Nxd5 20. exd5 Qxa5 21. Qe6+ Kh8 22. Qxd7 g5 23. Be3 Qa4 24. b3 Qa6 25. Na7 h6 26. Nc6 Qe2 27. Qf5 Ra8 28. Nxe7 Qb5 29. Qe6 Re8 30. Qxd6 Bf8 31. Qxf6+ Bg7 32. Qf7 Ra8 33. Nf5 Be5 34. d6 Rd8 35. Qe6 Bh2+ 36. Kxh2 Qxf1 37. Qxh6+ 1-0